| 000 | 00658 a2200157 4500 | ||
|---|---|---|---|
| 003 | NUST | ||
| 005 | 20221229135419.0 | ||
| 040 | _cNust | ||
| 082 | _a355.82,HAC | ||
| 100 |
_aHackett, Lt. General Sir John Winthrop _9106394 |
||
| 245 |
_aThe Profession of Arms / _cLt. General Sir John Winthrop Hackett |
||
| 260 |
_alondon _bThe Times _c1972 |
||
| 300 | _a67 p.; | ||
| 505 | _aOrigins of a profession (Page-3), Knights and mercenaries (Page-11), Armies of the nation state (Page-19), Prussia and Napoleon (Page-25), The19th century officer (Page-33), Society and the soldier 1914-18 (Page-44), Today and tomorrow (Page-54). | ||
| 942 |
_2ddc _cBK _k355.82,HAC |
||
| 999 |
_c194176 _d194176 |
||